000
00248nam a2200097Ia 4500
001
720652
005
20250826163237.0
008
250824s9999 xx 000 0 und d
245
0
_a
ADEMİN ÇOCUKLARI
_c
GÜNGÖR KARAUĞUZ
260
_b
ÇİZGİ YAYINLARI
999
_c
720652
_d
720652